logo

Bir Sreshtho Munshi Abdur Rouf Library
Jhenaidah Cadet College

মাস্টারিং অটোক্যাড (Record no. 11994)

MARC details
000 -LEADER
fixed length control field 00769nam a2200241 a 4500
001 - CONTROL NUMBER
JCCL Control Number 11994
003 - CONTROL NUMBER IDENTIFIER
JCCL marc code BD-JhCC
005 - DATE AND TIME OF LATEST TRANSACTION
control field 20210408134018.0
008 - FIXED-LENGTH DATA ELEMENTS--GENERAL INFORMATION
fixed length control field 210302b20012020bg a|||| ||a| 000 0 mul d
020 ## - INTERNATIONAL STANDARD BOOK NUMBER
International Standard Book Number 9789848980101
035 ## - SYSTEM CONTROL NUMBER
system control number (BD-JhCC)11994
040 ## - CATALOGING SOURCE
Original cataloging agency BD-JhCC
Modifying agency BD-JhCC
041 ## - LANGUAGE CODE
Language code of Book mul
082 ## - DEWEY DECIMAL CLASSIFICATION NUMBER
Classification number 620.0042
Author mark and Year MOL 2020
100 ## - MAIN ENTRY--PERSONAL NAME
Personal name মল্লিক,সামুয়েল
245 ## - TITLE STATEMENT
Title মাস্টারিং অটোক্যাড
Statement of responsibility, etc সামুয়েল মল্লিক
260 ## - PUBLICATION, DISTRIBUTION, ETC. (IMPRINT)
Place of publication, distribution, etc ঢাকা :
Name of publisher, distributor, etc সিসটেক পাবলিশিং লিমিটেড;
Date of publication, distribution, etc ২০২০.
300 ## - PHYSICAL DESCRIPTION
Pagination 670
Other physical details ill
Dimensions 24 cm.
650 ## - SUBJECT ADDED ENTRY--TOPICAL TERM
Topical term or geographic name as entry element Computer graphics
650 ## - SUBJECT ADDED ENTRY--TOPICAL TERM
Topical term or geographic name as entry element Computer-aided design
942 ## - ADDED ENTRY ELEMENTS (KOHA)
Source of classification or shelving scheme Dewey Decimal Classification
Koha item type Books
Koha issues (borrowed), all copies 2
Holdings
Source of classification or shelving scheme Damaged status Not for loan Home library Current library Shelving location Date of accession Cost, normal purchase price Total Checkouts Full call number Barcode Date last seen Date checked out Copy number Koha item type
Dewey Decimal Classification     JCC Rouf Library JCC Rouf Library General Stacks 03/02/2021 352.00 1 620.0042 MOL 2020 16413 09/14/2021 04/07/2021 C-1 Books

JCC Library | Contacts | JCC Home

Last Update on 23 September 2017
Copyright @ 2017-2020 JCC Rouf Library
Rouf Library, Jhenidah Cadet College (JCC), Bangladesh